<?xml version="1.0" encoding="UTF-8"?><?xml-stylesheet type="text/xsl" href="static/style.xsl"?><OAI-PMH xmlns="http://www.openarchives.org/OAI/2.0/" xmlns:xsi="http://www.w3.org/2001/XMLSchema-instance" xsi:schemaLocation="http://www.openarchives.org/OAI/2.0/ http://www.openarchives.org/OAI/2.0/OAI-PMH.xsd"><responseDate>2026-04-13T03:01:00Z</responseDate><request verb="GetRecord" identifier="oai:www.recercat.cat:2445/141942" metadataPrefix="marc">https://recercat.cat/oai/request</request><GetRecord><record><header><identifier>oai:recercat.cat:2445/141942</identifier><datestamp>2025-12-05T12:21:20Z</datestamp><setSpec>com_2072_1057</setSpec><setSpec>col_2072_478916</setSpec><setSpec>col_2072_478917</setSpec><setSpec>col_2072_478929</setSpec></header><metadata><record xmlns="http://www.loc.gov/MARC21/slim" xmlns:dcterms="http://purl.org/dc/terms/" xmlns:xsi="http://www.w3.org/2001/XMLSchema-instance" xmlns:doc="http://www.lyncode.com/xoai" xsi:schemaLocation="http://www.loc.gov/MARC21/slim http://www.loc.gov/standards/marcxml/schema/MARC21slim.xsd">
   <leader>00925njm 22002777a 4500</leader>
   <datafield ind2=" " ind1=" " tag="042">
      <subfield code="a">dc</subfield>
   </datafield>
   <datafield ind2=" " ind1=" " tag="720">
      <subfield code="a">Kanata, Eirini</subfield>
      <subfield code="e">author</subfield>
   </datafield>
   <datafield ind2=" " ind1=" " tag="720">
      <subfield code="a">Golanska, Ewa</subfield>
      <subfield code="e">author</subfield>
   </datafield>
   <datafield ind2=" " ind1=" " tag="720">
      <subfield code="a">Villar Piqué, Anna</subfield>
      <subfield code="e">author</subfield>
   </datafield>
   <datafield ind2=" " ind1=" " tag="720">
      <subfield code="a">Karsanidou, Aikaterini</subfield>
      <subfield code="e">author</subfield>
   </datafield>
   <datafield ind2=" " ind1=" " tag="720">
      <subfield code="a">Dafou, Dimitra</subfield>
      <subfield code="e">author</subfield>
   </datafield>
   <datafield ind2=" " ind1=" " tag="720">
      <subfield code="a">Xanthopoulos, Konstantinos</subfield>
      <subfield code="e">author</subfield>
   </datafield>
   <datafield ind2=" " ind1=" " tag="720">
      <subfield code="a">Schmitz, Matthias</subfield>
      <subfield code="e">author</subfield>
   </datafield>
   <datafield ind2=" " ind1=" " tag="720">
      <subfield code="a">Ferrer, Isidro (Ferrer Abizanda)</subfield>
      <subfield code="e">author</subfield>
   </datafield>
   <datafield ind2=" " ind1=" " tag="720">
      <subfield code="a">Karch, André</subfield>
      <subfield code="e">author</subfield>
   </datafield>
   <datafield ind2=" " ind1=" " tag="720">
      <subfield code="a">Sikorska, Beata</subfield>
      <subfield code="e">author</subfield>
   </datafield>
   <datafield ind2=" " ind1=" " tag="720">
      <subfield code="a">Liberski, Pawel P.</subfield>
      <subfield code="e">author</subfield>
   </datafield>
   <datafield ind2=" " ind1=" " tag="720">
      <subfield code="a">Sklaviadis, Theodoros</subfield>
      <subfield code="e">author</subfield>
   </datafield>
   <datafield ind2=" " ind1=" " tag="720">
      <subfield code="a">Zerr, Inga</subfield>
      <subfield code="e">author</subfield>
   </datafield>
   <datafield ind2=" " ind1=" " tag="720">
      <subfield code="a">Llorens Torres, Franc</subfield>
      <subfield code="e">author</subfield>
   </datafield>
   <datafield ind2=" " ind1=" " tag="260">
      <subfield code="c">2019-10-09T11:13:57Z</subfield>
   </datafield>
   <datafield ind2=" " ind1=" " tag="260">
      <subfield code="c">2020-02-01T06:10:20Z</subfield>
   </datafield>
   <datafield ind2=" " ind1=" " tag="260">
      <subfield code="c">2019-02-01</subfield>
   </datafield>
   <datafield ind2=" " ind1=" " tag="260">
      <subfield code="c">2019-10-09T11:13:57Z</subfield>
   </datafield>
   <datafield ind2=" " ind1=" " tag="520">
      <subfield code="a">Sporadic Creutzfeldt-Jakob disease (sCJD) is the most common form of human prion disease. It is invariably fatal and displays a short clinical disease stage. The key event in sCJD is the propagation of a beta-sheet rich conformer of the physiological PrPC protein, known as PrPSc. Neuropathological disease characteristics include gliosis, neuronal loss and spongiform degeneration; disease clinical manifestations refer to mental and visual disabilities, cognitive impairment, gait or limb ataxia, myoclonus and mutism. Definite sCJD diagnosis requires post-mortem brain material histopathological examination. However, highly certain pre-mortem differential diagnosis is desired to exclude other treatable disorders and to reduce disease transmission risks. Detection and/or quantification of cerebrospinal fluid (CSF) biomarkers reflecting neuronal damage and PrPC misfolding in the diseased brain significantly enhance pre-mortem diagnosis. Previously established and newly identified biomarkers are used towards this direction. Increased CSF Neurofilament light chain (NFL) concentrations have been reported in several neurological disorders, including prion diseases. In the present study, we analyzed CSF NFL levels in two independent patient cohorts, consisting of highly suspected sCJD cases that were further classified as sCJD or non-CJD according to established diagnostic criteria. CSF NFL concentrations were increased in sCJD compared to non-CJD cases in both cohorts (area under the curve (with 95% confidence interval) equal to 0.89 (0.82 to 0.97) and 0.86 (0.77 to 0.96), respectively. CSF NFL was associated neither to age nor to sex but correlated with total-tau concentrations in both cohorts. Overall, our data provide independent validation of CSF NFL utility in sCJD differential diagnosis.</subfield>
   </datafield>
   <datafield tag="653" ind2=" " ind1=" ">
      <subfield code="a">Líquid cefalorraquidi</subfield>
   </datafield>
   <datafield tag="653" ind2=" " ind1=" ">
      <subfield code="a">Malaltia de Creutzfeldt-Jakob</subfield>
   </datafield>
   <datafield tag="653" ind2=" " ind1=" ">
      <subfield code="a">Malalties per prions</subfield>
   </datafield>
   <datafield tag="653" ind2=" " ind1=" ">
      <subfield code="a">Malalties neurodegeneratives</subfield>
   </datafield>
   <datafield tag="653" ind2=" " ind1=" ">
      <subfield code="a">Cerebrospinal fluid</subfield>
   </datafield>
   <datafield tag="653" ind2=" " ind1=" ">
      <subfield code="a">Creutzfeldt-Jakob disease</subfield>
   </datafield>
   <datafield tag="653" ind2=" " ind1=" ">
      <subfield code="a">Prion diseases</subfield>
   </datafield>
   <datafield tag="653" ind2=" " ind1=" ">
      <subfield code="a">Neurodegenerative Diseases</subfield>
   </datafield>
   <datafield ind2="0" ind1="0" tag="245">
      <subfield code="a">Cerebrospinal fluid neurofilament light in suspected sporadic Creutzfeldt-Jakob disease</subfield>
   </datafield>
</record></metadata></record></GetRecord></OAI-PMH>